000 00474nam a2200181Ia 4500
005 20250326124703.0
008 250326s9999 xx 000 0 und d
037 _aTextbook
040 _aFMSL
_beng
_cFMSL
041 _aeng
_2eng
084 _aX:87 L22
_qFMSL
100 _aCleveland H
_9737792
245 0 _aFuture executive
_cCleveland H
260 _aNY
_bNY, Harper & Row
_c1972
300 _a144p
942 _cTB
_hX:87 L22
999 _c1274750
_d1274750